=LDR 00000nam 2200000 4500 =001 INLIS000000000032527 =005 20130612134530 =008 ***********************************ind** =035 ##$$0010-061300000032527 =041 ##$$a ind =082 ##$$a 615.321 =090 ##$$a 615.321, Mar b =100 ##$$a Maria, Ana =245 ##$$a Bertahan Hidup Dengan Terapi Jus, Ana Maria =260 ##$$a 2009 $b Yogyakarta =300 ##$$a 136 hlm, Ilus, 21 cm =650 ##$$a Harga-Penggunaan Terapi =850 ##$$a NBPNMAT